000 00327nam a22000977a 4500
008 150330b xxu||||| |||| 00| 0 eng d
020 _a978-1-60805-203-5
_cAvailable
082 _a615.1078RAH
_b002838
245 _aFronties in Drug Design and Discovery (Vol-5)
_cRahman-Ur-Atta
_hEnglish
260 _aUSA
_bBentham Science Publisher
_c2014
999 _c24768
_d24768